Statistics for management (Record no. 396933)

MARC details
000 -LEADER
fixed length control field 00614 a2200241 4500
005 - DATE & TIME
control field 20260406125301.0
008 - FIXED-LENGTH DATA ELEMENTS--GENERAL INFORMATION
fixed length control field 260406b |||||||| |||| 00| 0 eng d
020 ## - ISBN
International Standard Book Number 9789332581180
Price Rs. 970.00
040 ## - CATALOGING SOURCE
Original cataloging agency VIVEKANANDA LIBRARY
082 ## - DDC NUMBER
Classification number 658.4033
Book Number L579S(8)
100 ## - MAIN ENTRY--PERSONAL NAME
Personal name Levin, Richard I
245 ## - TITLE STATEMENT
Title Statistics for management
250 ## - EDITION STATEMENT
Edition statement 8th
260 ## - PUBLICATION, DISTRIBUTION, ETC. (IMPRINT)
Name of publisher, distributor, etc Pearson India
Place of publication, distribution, etc Noida
Date of publication, distribution, etc 2025
300 ## - PHYSICAL DESCRIPTION
Pages xiv, 985
650 ## - Subject
Subject Management
650 ## - Subject
Subject Statistical Analysis
650 ## - Subject
Subject Decision- Making
700 ## - Added Entry Personal Name
Added Entry Personal Name Rubin, David S
700 ## - Added Entry Personal Name
Added Entry Personal Name Siddiqui, Masood H
700 ## - Added Entry Personal Name
Added Entry Personal Name Rastogi, Sanjay
942 ## - ADDED ENTRY ELEMENTS (KOHA)
Koha item type Books
Holdings
Withdrawn status Lost status Source of classification or shelving scheme Damaged status Not for loan Location (home branch) Sublocation or collection (holding branch) Shelving location Date acquired Koha issues (times borrowed) Koha full call number Accession No. Koha date last seen Koha item type
    Dewey Decimal Classification     VIVEKANANDA LIBRARY VIVEKANANDA LIBRARY IMSAR Library 30/03/2026   658.4033 L579S(8) 421045 30/03/2026 Books
    Dewey Decimal Classification     VIVEKANANDA LIBRARY VIVEKANANDA LIBRARY IMSAR Library 30/03/2026   658.4033 L579S(8) 421044 30/03/2026 Books
    Dewey Decimal Classification     VIVEKANANDA LIBRARY VIVEKANANDA LIBRARY IMSAR Library 30/03/2026   658.4033 L579S(8) 421043 30/03/2026 Books
    Dewey Decimal Classification     VIVEKANANDA LIBRARY VIVEKANANDA LIBRARY IMSAR Library 30/03/2026   658.4033 L579S(8) 421046 30/03/2026 Books
© Designed and Maintained by Vivekananda Library, MDU Rohtak